| 000 | 00488nam a2200169Ia 4500 | ||
|---|---|---|---|
| 999 |
_c5590 _d5590 |
||
| 003 | OSt | ||
| 005 | 20200129155837.0 | ||
| 008 | 190216s9999||||xx |||||||||||||| ||und|| | ||
| 040 | _coclc | ||
| 082 |
_a332.10954 _bPRA/B |
||
| 100 |
_aPrabhu, B R _91249 |
||
| 245 | 0 |
_aBanking Theory And Practice / _cB R Prabhu |
|
| 250 | _a1st ed. | ||
| 260 |
_bSri sakthi Publications, _c1997. _aPayyanur: |
||
| 300 | _a442p | ||
| 942 |
_cBK _2ddc _h332.10954 _iPRA/B _k332.10954 _mPRA/B |
||